=LDR 00000nam 2200000 4500 =001 INLIS000000000043203 =005 20131008102415 =008 ***********************************Ind** =035 ##$$0010-101300000001125 =041 ##$$a Ind =082 ##$$a 664.07 =090 ##$$a 664.07, Kus-p =100 ##$$a Kusnawijaya, kurnia =245 ##$$a Pengaruh peroses kimia terhadap kesehatan masyarakat, kurnia Kusnawijaja =260 ##$$a 1993 $b Bandung =300 ##$$a X,, 126 hlm, ilus, 21 cm =650 ##$$a Kimia =650 ##$$a Makanan, Bahan Tambahan =850 ##$$a NBPNMAT